| 000 | 00853nam a2200289 a 4500 | ||
|---|---|---|---|
| 001 | 000017834 | ||
| 003 | OSt | ||
| 005 | 20240412074248.0 | ||
| 008 | 100406s2005 it 000 0 ita d | ||
| 020 | _a8889508000 | ||
| 040 |
_aDO-SdBNP _bspa _cBNPHU |
||
| 041 | 1 | 7 |
_aspa _hita |
| 082 | 4 |
_aRD863.44 _bV443fa |
|
| 100 | 1 |
_aVeloz Maggiolo, Marcio, _d1936-2021 _91104 |
|
| 245 | 1 | 0 |
_aFantasmario / _cMarcio Veloz Maggiolo. |
| 260 |
_aItaly : _bFeria Internacional del Libro Santo Domingo, _c2005. |
||
| 300 |
_a96 p. ; _c17 cm. |
||
| 490 | 1 | _aAzulejos | |
| 500 | _aSegundo festival de literatura | ||
| 500 | _atexto en italiano | ||
| 590 | _aInventariado, 2020/VM | ||
| 650 | 4 |
_aCuentos dominicana _929124 |
|
| 650 | 0 |
_aLiteratura dominicana. _967 |
|
| 830 | 0 | 0 |
_aAzulejos _938737 |
| 910 | _aValidado. Control de calidad MFF | ||
| 942 |
_2ddc _cLBS1 |
||
| 999 |
_c17358 _d17358 |
||